LEADER 02090nam 22004693 450 001 9911008447503321 005 20250704111640.0 010 $a9942-914-54-4 035 $a(MiAaPQ)EBC30160796 035 $a(Au-PeEL)EBL30160796 035 $a(CKB)24937613000041 035 $a(OCoLC)1346367027 035 $a(Perlego)3738995 035 $a(NyNyDIG)DIGUPLCAR0017 035 $a(EXLCZ)9924937613000041 100 $a20220930d2018 uy 0 101 0 $aspa 135 $aurcnu|||||||| 181 $ctxt$2rdacontent 182 $cc$2rdamedia 183 $acr$2rdacarrier 200 10$aCapital Social y Desarrollo Económico Territorial $ePropuesta de un Barómetro para Medir el Capital Social Como Catalizador Del Desarrollo Económico Territorial 205 $a1st ed. 210 1$aBogota :$cUniversidad del Magdalena,$d2018. 210 4$d©2018. 215 $a1 online resource (159 pages) 327 $aportada capital social final2 -- libro capital social FINAL -- CONTRAportada capital social]. 330 8 $aEste libro es una propuesta para la evaluacio?n del capital social en funcio?n de la relacio?n existente con el desarrollo econo?mico territorial. Su objetivo es proponer una herramienta dispuesta a convertirse en un referente o punto de arranque al momento ya no solo de definir el capital social, sino de medirlo en campo bajo la lo?gica del desarrollo econo?mico territorial-local. 606 $aBUSINESS & ECONOMICS / Development / Economic Development$2bisacsh 606 $aBUSINESS & ECONOMICS / Economic Conditions$2bisacsh 615 7$aBUSINESS & ECONOMICS / Development / Economic Development 615 7$aBUSINESS & ECONOMICS / Economic Conditions 700 $aVillarreal Salazar$b Fernando Javier$01828204 701 $aSalinas Vargas$b Víctor Manuel$01828205 701 $aRuiz Enríquez$b Hugo Milton$01828206 801 0$bMiAaPQ 801 1$bMiAaPQ 801 2$bMiAaPQ 906 $aBOOK 912 $a9911008447503321 996 $aCapital Social y Desarrollo Económico Territorial$94396404 997 $aUNINA